Normal view
MARC view
Entry Topical Term
001 - CONTROL NUMBER
- control field: 77141
003 - CONTROL NUMBER IDENTIFIER
- control field: OSt
005 - DATE AND TIME OF LATEST TRANSACTION
- control field: 20191115165820.0
008 - FIXED-LENGTH DATA ELEMENTS
- fixed length control field: 191115|| aca||aabn | a|a d
040 ## - CATALOGING SOURCE
- Original cataloging agency: OSt
- Transcribing agency: OSt
150 ## - HEADING--TOPICAL TERM
- Topical term or geographic name entry element: History
670 ## - SOURCE DATA FOUND
- Source citation: Work cat.: (OSt): Ghosh, Ishani 77140, The Riyasat of Murshidabad : A Tale of its Departed Glory c. A. D.1704-1740, 2015









